Islam; Muḥammad and his religion. (Record no. 62872)

000 -LEADER
fixed length control field 00522nam a22001937a 4500
003 - CONTROL NUMBER IDENTIFIER
control field NUST - PNEC
005 - DATE AND TIME OF LATEST TRANSACTION
control field 20170116180759.0
008 - FIXED-LENGTH DATA ELEMENTS--GENERAL INFORMATION
fixed length control field 150410b xxu||||| |||| 00| 0 eng d
020 ## - INTERNATIONAL STANDARD BOOK NUMBER
International Standard Book Number 0672603489
040 ## - CATALOGING SOURCE
Transcribing agency LIBRARY
082 ## - DEWEY DECIMAL CLASSIFICATION NUMBER
Classification number 297.082 JEF
100 ## - MAIN ENTRY--PERSONAL NAME
9 (RLIN) 2344
Personal name Jeffery, Arthur
245 ## - TITLE STATEMENT
Title Islam; Muḥammad and his religion.
Statement of responsibility, etc. Jeffery, Arthur
250 ## - EDITION STATEMENT
Edition statement 1st ed.
260 ## - PUBLICATION, DISTRIBUTION, ETC.
Place of publication, distribution, etc. U S A
Name of publisher, distributor, etc. Yew York
Date of publication, distribution, etc. C 1958
300 ## - PHYSICAL DESCRIPTION
Extent 252 . :
650 ## - SUBJECT ADDED ENTRY--TOPICAL TERM
9 (RLIN) 2345
Topical term or geographic name entry element Islam; Muḥammad and his religion.
General subdivision Islam
942 ## - ADDED ENTRY ELEMENTS (KOHA)
Source of classification or shelving scheme
Koha item type Book
Holdings
Withdrawn status Lost status Source of classification or shelving scheme Damaged status Not for loan Permanent Location Current Location Shelving location Date acquired Source of acquisition Cost, normal purchase price Total Checkouts Full call number Barcode Date last seen Cost, replacement price Price effective from Koha item type
          Pakistan Navy Engineering College (PNEC) Pakistan Navy Engineering College (PNEC)     - 0.00   297.082 JEF PNECLIB-008931 04/10/2015 0.00   Book
© 2023 Central Library, National University of Sciences and Technology. All Rights Reserved.